The secondary school plant; (Record no. 22256)

MARC details
000 -LEADER
fixed length control field 00802cam a22002411 4500
001 - CONTROL NUMBER
control field e 56000134
003 - CONTROL NUMBER IDENTIFIER
control field DLC
005 - DATE AND TIME OF LATEST TRANSACTION
control field 20260227111235.0
008 - FIXED-LENGTH DATA ELEMENTS--GENERAL INFORMATION
fixed length control field 830613s1956 dcua 000 0 eng
010 ## - LIBRARY OF CONGRESS CONTROL NUMBER
LC control number e 56000134
035 ## - SYSTEM CONTROL NUMBER
System control number (OCoLC)16764428
040 ## - CATALOGING SOURCE
Original cataloging agency DLC
Transcribing agency OrPS
Modifying agency OCoLC
-- DLC
042 ## - AUTHENTICATION CODE
Authentication code premarc
043 ## - GEOGRAPHIC AREA CODE
Geographic area code n-us---
050 00 - LIBRARY OF CONGRESS CALL NUMBER
Classification number LB3209
Item number .T3
100 1# - MAIN ENTRY--PERSONAL NAME
Personal name Taylor, James L.
245 14 - TITLE STATEMENT
Title The secondary school plant;
Remainder of title an approach for planning functional facilities.
260 ## - PUBLICATION, DISTRIBUTION, ETC.
Place of publication, distribution, etc. [Washington]
Name of publisher, distributor, etc. U.S. Dept. of Health, Education, and Welfare, Office of Education
Date of publication, distribution, etc. [1956]
300 ## - PHYSICAL DESCRIPTION
Extent viii, 60 p.
Other physical details illus.
Dimensions 20 x 26 cm.
650 #0 - SUBJECT ADDED ENTRY--TOPICAL TERM
Topical term or geographic name entry element School buildings
Geographic subdivision United States.
650 #0 - SUBJECT ADDED ENTRY--TOPICAL TERM
Topical term or geographic name entry element Education, Secondary.
810 1# - SERIES ADDED ENTRY--CORPORATE NAME
Corporate name or jurisdiction name as entry element United States.
Title of a work Office of Education Special publication ;
Volume/sequential designation no. 5.

No items available.

Powered by Koha